[Event "GBR-ch73"]
[Site "Southampton"]
[Date "1986.07.28"]
[Round "1"]
[White "Rossiter, Philip"]
[Black "Condie, Mark L"]
[Result "1/2-1/2"]
[WhiteElo "2230"]
[BlackElo "2410"]
[PlyCount "125"]
[EventDate "1986.07.28"]
[EventType "swiss"]
[EventRounds "11"]
[EventCountry "GBR"]
[SourceTitle "BritBase"]
[Source "John Saunders"]
[SourceDate "2020.09.07"]
[SourceVersion "1"]
[SourceVersionDate "2020.09.07"]
[SourceQuality "2"]

1. d4 Nf6 2. c4 e6 3. Nc3 d5 4. Bg5 Nbd7 5. e3 h6 6. Bh4 Be7 7. Bd3 dxc4 8.
Bxc4 c5 9. Nf3 O-O 10. O-O a6 11. Bb3 b5 12. Qe2 Bb7 13. Rfd1 Qb6 14. Ne5 Rfd8
15. a4 b4 16. a5 Qc7 17. Nxd7 Qxd7 18. Na4 cxd4 19. exd4 Nd5 20. Bg3 Rac8 21.
Be5 Qc6 22. Bxd5 Rxd5 23. Qg4 f6 24. Bf4 h5 25. Qh3 Rcd8 26. Be3 Rxa5 27. Rdc1
Qd6 28. Nc5 Rxa1 29. Rxa1 Bc8 30. Qxh5 e5 31. dxe5 Qd5 32. Rc1 Bxc5 33. Bxc5
Bb7 34. f3 Rc8 35. Qg6 Qxe5 36. Qc2 Bd5 37. Qd2 Bxf3 38. Qxb4 Bxg2 39. Kxg2
Qg5+ 40. Kf2 Qxc1 41. Qb3+ Kh7 42. Qh3+ Qh6 43. Qf5+ Qg6 44. Qxc8 Qc2+ 45. Kg3
Qxb2 46. Qf5+ Kg8 47. Be3 Qc3 48. Qe6+ Kh7 49. Kg4 Qb4+ 50. Bf4 a5 51. Qf5+ Kg8
52. Kh5 Qc4 53. Bg3 a4 54. Qf3 Qf7+ 55. Kh4 Qc4+ 56. Kh3 Qe6+ 57. Kg2 Qa2+ 58.
Bf2 Qc2 59. Qd5+ Kh7 60. Kf3 a3 61. Qh5+ Kg8 62. Qd5+ Kh7 63. Qh5+ 1/2-1/2

[Event "GBR-ch73"]
[Site "Southampton"]
[Date "1986.07.28"]
[Round "1"]
[White "Smith, Alan A"]
[Black "Kosten, Anthony C"]
[Result "0-1"]
[WhiteElo "2280"]
[BlackElo "2455"]
[PlyCount "74"]
[EventDate "1986.07.28"]
[EventType "swiss"]
[EventRounds "11"]
[EventCountry "GBR"]
[SourceTitle "BritBase"]
[Source "John Saunders"]
[SourceDate "2020.09.07"]
[SourceVersion "1"]
[SourceVersionDate "2020.09.07"]
[SourceQuality "2"]

1. Nf3 Nf6 2. g3 d5 3. Bg2 c6 4. b3 Bg4 5. Bb2 Nbd7 6. c4 e6 7. O-O Bd6 8. d3
O-O 9. Nc3 Qe7 10. a3 a5 11. Qc2 Rfd8 12. cxd5 cxd5 13. Nb5 Bc5 14. Ne5 Nxe5
15. Bxe5 Nd7 16. Bc3 Bb6 17. Qb2 f6 18. b4 Nb8 19. d4 a4 20. Be1 Qd7 21. Nc3
Bxd4 22. Rd1 Bb6 23. b5 Qe7 24. Na2 Nd7 25. Bb4 Qf7 26. Rc1 Ne5 27. Rc2 Bf5 28.
Rcc1 d4 29. Bc5 Bxc5 30. Rxc5 d3 31. e4 Bg4 32. f3 d2 33. Qc2 Nxf3+ 34. Bxf3
Bxf3 35. Nc3 Bg4 36. Nd1 Qd7 37. Rf2 Qd3 0-1

[Event "GBR-ch73"]
[Site "Southampton"]
[Date "1986.07.28"]
[Round "1"]
[White "Ward, Christopher"]
[Black "Chandler, Murray G"]
[Result "0-1"]
[WhiteElo "2315"]
[BlackElo "2565"]
[PlyCount "72"]
[EventDate "1986.07.28"]
[EventType "swiss"]
[EventRounds "11"]
[EventCountry "GBR"]
[SourceTitle "BritBase"]
[Source "John Saunders"]
[SourceDate "2020.09.07"]
[SourceVersion "1"]
[SourceVersionDate "2020.09.07"]
[SourceQuality "2"]

1. d4 Nf6 2. c4 e6 3. Nc3 Bb4 4. e3 O-O 5. Nge2 d5 6. a3 Be7 7. cxd5 exd5 8. g3
Bg4 9. Bg2 Qd7 10. O-O c6 11. f3 Bh3 12. Nf4 Bxg2 13. Kxg2 Na6 14. b4 Nc7 15.
Rb1 Nb5 16. Qb3 h5 17. h4 Nxc3 18. Qxc3 Bd6 19. Ne2 Rfe8 20. Bd2 Qe7 21. Kf2
Nd7 22. Rh1 Nb6 23. Rbg1 Nc4 24. g4 a5 25. b5 cxb5 26. gxh5 Kh8 27. Rg5 b4 28.
Qd3 bxa3 29. Nc3 Nxd2 30. Qxd2 Bb4 31. Qd3 Bxc3 32. Qxc3 Rac8 33. Qd3 a2 34. h6
gxh6 35. Rxd5 a1=Q 36. Rxa1 Qxh4+ 0-1

[Event "GBR-ch73"]
[Site "Southampton"]
[Date "1986.07.29"]
[Round "2"]
[White "Barber, Haydn J"]
[Black "McDonald, Neil R"]
[Result "0-1"]
[WhiteElo "2320"]
[BlackElo "2495"]
[PlyCount "44"]
[EventDate "1986.07.28"]
[EventType "swiss"]
[EventRounds "11"]
[EventCountry "GBR"]
[SourceTitle "BritBase"]
[Source "John Saunders"]
[SourceDate "2020.09.07"]
[SourceVersion "1"]
[SourceVersionDate "2020.09.07"]
[SourceQuality "2"]

1. e4 e6 2. d4 d5 3. Nc3 Bb4 4. e5 c5 5. a3 Bxc3+ 6. bxc3 Ne7 7. Qg4 O-O 8. Nf3
Nbc6 9. Bd3 f5 10. exf6 Rxf6 11. Ng5 Nf5 12. Qh5 h6 13. g4 c4 14. gxf5 cxd3 15.
Nxe6 Bxe6 16. fxe6 Rxe6+ 17. Kf1 Qf6 18. Qxd5 Rf8 19. f4 Rd8 20. Qa2 Qf5 21.
cxd3 Kh8 22. Qd2 Qd5 0-1

[Event "GBR-ch73"]
[Site "Southampton"]
[Date "1986.07.29"]
[Round "2"]
[White "Basman, Michael John"]
[Black "Rossiter, Philip"]
[Result "1-0"]
[WhiteElo "2395"]
[BlackElo "2230"]
[PlyCount "95"]
[EventDate "1986.07.28"]
[EventType "swiss"]
[EventRounds "11"]
[EventCountry "GBR"]
[SourceTitle "BritBase"]
[Source "John Saunders"]
[SourceDate "2020.09.07"]
[SourceVersion "1"]
[SourceVersionDate "2020.09.07"]
[SourceQuality "2"]

1. d4 Nf6 2. Nf3 d5 3. e3 Bf5 4. c4 c6 5. Nc3 e6 6. Ne5 Nbd7 7. g4 Bg6 8. h4
Nxe5 9. dxe5 Nd7 10. h5 Be4 11. f3 Nxe5 12. fxe4 dxc4 13. Qxd8+ Rxd8 14. Be2 b5
15. Bd2 a6 16. O-O-O Be7 17. Be1 Nd7 18. Bg3 e5 19. Kc2 h6 20. Nb1 Bc5 21. Nd2
Bxe3 22. Nf3 f6 23. Nh4 O-O 24. Nf5 Bc5 25. Be1 Rf7 26. Nd6 Bxd6 27. Rxd6 Rc8
28. Bf2 Kf8 29. Rhd1 Ke8 30. Be3 Re7 31. g5 fxg5 32. Bg4 Rc7 33. Be6 Rxe6 34.
Rxe6+ Kf7 35. Rdd6 Nf6 36. Rxc6 Rd7 37. Red6 Re7 38. Rxa6 Nxh5 39. Rd5 g4 40.
Rxb5 g3 41. Ra7 Rxa7 42. Bxa7 Nf4 43. a4 Kf6 44. a5 Ne2 45. a6 g2 46. Rd5 Ke6
47. Bf2 Nd4+ 48. Rxd4 1-0

[Event "GBR-ch73"]
[Site "Southampton"]
[Date "1986.07.29"]
[Round "2"]
[White "Depasquale, Chris"]
[Black "Varley, Peter"]
[Result "1-0"]
[WhiteElo "2305"]
[BlackElo "2210"]
[PlyCount "57"]
[EventDate "1986.07.28"]
[EventType "swiss"]
[EventRounds "11"]
[EventCountry "GBR"]
[SourceTitle "BritBase"]
[Source "John Saunders"]
[SourceDate "2020.09.07"]
[SourceVersion "1"]
[SourceVersionDate "2020.09.07"]
[SourceQuality "2"]

1. g3 d5 2. Bg2 e5 3. Nf3 Nc6 4. d3 Nf6 5. O-O Be7 6. c4 dxc4 7. Qa4 O-O 8.
Qxc4 Be6 9. Qc2 h6 10. a3 a5 11. b3 Nd4 12. Nxd4 exd4 13. Nd2 Nd5 14. Bb2 c5
15. Rae1 Bg5 16. Nf3 Rc8 17. Nxg5 Qxg5 18. Bc1 Qh5 19. e4 Ne7 20. f4 Bh3 21.
Bxh3 Qxh3 22. f5 g5 23. fxg6 Nxg6 24. Rf5 h5 25. Bh6 Rfe8 26. Ref1 Ne5 27. Qf2
Ng4 28. Rg5+ Kh8 29. Bg7+ 1-0

[Event "GBR-ch73"]
[Site "Southampton"]
[Date "1986.07.29"]
[Round "2"]
[White "Dunnington, Angus J"]
[Black "Hazelton, Martin"]
[Result "1-0"]
[WhiteElo "2280"]
[BlackElo "2145"]
[PlyCount "93"]
[EventDate "1986.07.28"]
[EventType "swiss"]
[EventRounds "11"]
[EventCountry "GBR"]
[SourceTitle "BritBase"]
[Source "John Saunders"]
[SourceDate "2020.09.07"]
[SourceVersion "1"]
[SourceVersionDate "2020.09.07"]
[SourceQuality "2"]

1. e4 c5 2. f4 Nc6 3. Nf3 g6 4. Bb5 Bg7 5. Bxc6 bxc6 6. d3 d6 7. Nc3 e6 8. O-O
Ne7 9. Qe1 O-O 10. e5 d5 11. Qf2 c4 12. dxc4 Ba6 13. Rd1 Bxc4 14. b3 Ba6 15.
Ne4 Nf5 16. Nc5 Bc8 17. a4 a5 18. Ba3 Qb6 19. g4 Ne7 20. Ne4 Qxf2+ 21. Nxf2 Re8
22. g5 h5 23. Nd4 Bd7 24. Nd3 Nf5 25. Nxf5 exf5 26. Bd6 Bf8 27. Bxf8 Kxf8 28.
Nc5 Ra7 29. h4 Ke7 30. Kf2 Rb8 31. Ke3 Be6 32. Rab1 Raa8 33. c3 Rb6 34. Kd4
Rab8 35. Rb2 Kd8 36. Rdb1 Bd7 37. b4 Ke7 38. Rb3 axb4 39. Rxb4 Rxb4+ 40. Rxb4
Rxb4+ 41. cxb4 Bc8 42. Nb3 Kd7 43. Kc5 Kc7 44. Nd4 Bd7 45. b5 cxb5 46. Nxb5+
Kb7 47. Kxd5 1-0

[Event "GBR-ch73"]
[Site "Southampton"]
[Date "1986.07.29"]
[Round "2"]
[White "Giulian, Philip Maurice"]
[Black "Prasad, Devaki"]
[Result "0-1"]
[WhiteElo "2225"]
[BlackElo "2410"]
[PlyCount "70"]
[EventDate "1986.07.28"]
[EventType "swiss"]
[EventRounds "11"]
[EventCountry "GBR"]
[SourceTitle "BritBase"]
[Source "John Saunders"]
[SourceDate "2020.09.07"]
[SourceVersion "1"]
[SourceVersionDate "2020.09.07"]
[SourceQuality "2"]

1. d4 Nf6 2. c4 d6 3. Nc3 Nbd7 4. Nf3 e5 5. Bg5 Be7 6. e3 O-O 7. Qc2 c6 8. Bd3
h6 9. Bxf6 Bxf6 10. O-O-O exd4 11. exd4 Nb6 12. h3 Be6 13. Ne4 Be7 14. Ng3 d5
15. c5 Nd7 16. Kb1 b6 17. cxb6 Qxb6 18. Nf5 Bf6 19. g4 c5 20. g5 hxg5 21. h4 g4
22. Ng5 Rfe8 23. Bb5 Qxb5 24. Nd6 Qb6 25. Nxe8 Rxe8 26. Qh7+ Kf8 27. Rhe1 cxd4
28. Qh8+ Ke7 29. Qh5 Bxg5 30. hxg5 Rb8 31. Rd2 Qb4 32. Red1 Ne5 33. g6 Nc4 34.
Qh4+ Kd7 35. Re2 Nxb2 0-1

[Event "GBR-ch73"]
[Site "Southampton"]
[Date "1986.07.29"]
[Round "2"]
[White "Hodgson, Julian M"]
[Black "Yeo, Michael J"]
[Result "1/2-1/2"]
[WhiteElo "2500"]
[BlackElo "2240"]
[PlyCount "82"]
[EventDate "1986.07.28"]
[EventType "swiss"]
[EventRounds "11"]
[EventCountry "GBR"]
[SourceTitle "BritBase"]
[Source "John Saunders"]
[SourceDate "2020.09.07"]
[SourceVersion "1"]
[SourceVersionDate "2020.09.07"]
[SourceQuality "2"]

1. d4 d5 2. Bg5 f6 3. Bf4 Nc6 4. Nf3 Bg4 5. Nbd2 Nxd4 6. Nxd4 e5 7. h3 Bh5 8.
c4 exd4 9. Qb3 Bd6 10. Bxd6 Qxd6 11. Qxb7 Rd8 12. Qxa7 dxc4 13. Qa4+ Qd7 14.
Qxd7+ Rxd7 15. Nxc4 Ne7 16. e3 O-O 17. exd4 Rxd4 18. Ne3 f5 19. Bc4+ Kh8 20.
Be2 Bf7 21. b3 f4 22. Nc4 Bd5 23. O-O f3 24. Bxf3 Bxf3 25. gxf3 Ng6 26. Rfe1
Rh4 27. Re4 Nf4 28. Rae1 Nxh3+ 29. Kg2 Nf4+ 30. Kg3 Rh3+ 31. Kg4 h5+ 32. Kg5
Rh2 33. Ne3 Nh3+ 34. Kxh5 Nxf2+ 35. Rh4 Rxh4+ 36. Kxh4 Rxf3 37. Rf1 Rh3+ 38.
Kg5 Ne4+ 39. Kf4 Nc3 40. Nf5 Nxa2 41. Rg1 Nb4 1/2-1/2

[Event "GBR-ch73"]
[Site "Southampton"]
[Date "1986.07.29"]
[Round "2"]
[White "Kosten, Anthony C"]
[Black "Arkell, Keith C"]
[Result "1-0"]
[WhiteElo "2455"]
[BlackElo "2350"]
[PlyCount "113"]
[EventDate "1986.07.28"]
[EventType "swiss"]
[EventRounds "11"]
[EventCountry "GBR"]
[SourceTitle "BritBase"]
[Source "John Saunders"]
[SourceDate "2020.09.07"]
[SourceVersion "1"]
[SourceVersionDate "2020.09.07"]
[SourceQuality "2"]

1. e4 c6 2. d4 d5 3. exd5 cxd5 4. c4 Nf6 5. Nc3 Nc6 6. Bg5 Qa5 7. Bd2 Qd8 8.
Nf3 e6 9. cxd5 Nxd5 10. Bd3 Be7 11. O-O O-O 12. Re1 Bf6 13. Nxd5 exd5 14. Ne5
Nxd4 15. Bb4 Re8 16. Bxh7+ Kxh7 17. Qh5+ Kg8 18. Qxf7+ Kh7 19. Qg6+ Kg8 20. Nf7
Bf5 21. Nh6+ Kh8 22. Nxf5 Nxf5 23. Qxf5 Bxb2 24. Rad1 Rxe1+ 25. Rxe1 Rc8 26.
Qh3+ Kg8 27. Qe6+ Kh7 28. Be7 Qe8 29. Qxd5 Rc7 30. Bb4 Qf7 31. Qd3+ Qg6 32. Qd8
Rc4 33. Re3 Qb1+ 34. Be1 Re4 35. Rxe4 Qxe4 36. Qd1 b5 37. g3 b4 38. Bd2 Bc3 39.
Be3 a6 40. h4 Qf5 41. g4 Qe4 42. h5 Be5 43. g5 Bf4 44. Bxf4 Qxf4 45. Qd3+ Kh8
46. g6 Qc1+ 47. Kg2 Qg5+ 48. Kf1 Qc1+ 49. Ke2 Qc8 50. Kd2 a5 51. Qd4 Qg8 52.
Ke3 Qe6+ 53. Kf4 Qxa2 54. h6 Qg8 55. Kg5 Qf8 56. hxg7+ Qxg7 57. Qh4+ 1-0

[Event "GBR-ch73"]
[Site "Southampton"]
[Date "1986.07.29"]
[Round "2"]
[White "Kwiatkowski, Feliks J"]
[Black "Chin, Francis"]
[Result "1-0"]
[WhiteElo "2250"]
[BlackElo "2075"]
[PlyCount "87"]
[EventDate "1986.07.28"]
[EventType "swiss"]
[EventRounds "11"]
[EventCountry "GBR"]
[SourceTitle "BritBase"]
[Source "John Saunders"]
[SourceDate "2020.09.07"]
[SourceVersion "1"]
[SourceVersionDate "2020.09.07"]
[SourceQuality "2"]

1. e4 e6 2. d4 d5 3. Nc3 Bb4 4. e5 c5 5. a3 Bxc3+ 6. bxc3 Qc7 7. Nf3 Ne7 8. a4
Nbc6 9. Ba3 cxd4 10. cxd4 Qa5+ 11. Qd2 Qxd2+ 12. Kxd2 Nf5 13. Bb2 Bd7 14. Bc3
O-O 15. Bd3 Rfc8 16. a5 Rc7 17. Rhb1 Rac8 18. Ra2 Nh6 19. h3 f6 20. Rab2 Nd8
21. Bb4 Bc6 22. Bc5 Ra8 23. Re1 Nhf7 24. Rbb1 Bd7 25. exf6 gxf6 26. c4 dxc4 27.
Bxc4 Rac8 28. Bb3 Nc6 29. Bxe6 Bxe6 30. Rxe6 Nxa5 31. Bxa7 Rc2+ 32. Ke1 Rc1+
33. Rxc1 Rxc1+ 34. Ke2 Ra1 35. d5 Nc4 36. Bd4 Ra2+ 37. Kd3 Nfe5+ 38. Bxe5 Nxe5+
39. Nxe5 fxe5 40. d6 Ra6 41. d7 Rxe6 42. d8=Q+ Kf7 43. Qd7+ Re7 44. Qf5+ 1-0

[Event "GBR-ch73"]
[Site "Southampton"]
[Date "1986.07.29"]
[Round "2"]
[White "Lawson, David"]
[Black "Smith, Alan A"]
[Result "1/2-1/2"]
[WhiteElo "2200"]
[BlackElo "2280"]
[PlyCount "69"]
[EventDate "1986.07.28"]
[EventType "swiss"]
[EventRounds "11"]
[EventCountry "GBR"]
[SourceTitle "BritBase"]
[Source "John Saunders"]
[SourceDate "2020.09.07"]
[SourceVersion "1"]
[SourceVersionDate "2020.09.07"]
[SourceQuality "2"]

1. e4 c5 2. Nf3 Nc6 3. d4 cxd4 4. Nxd4 Qc7 5. Nc3 e6 6. Be2 Nf6 7. Be3 a6 8.
O-O Bb4 9. f3 O-O 10. Nxc6 dxc6 11. Na4 Nd7 12. a3 Be7 13. f4 b5 14. Nc3 c5 15.
e5 Bb7 16. Bf3 Rad8 17. Qe2 c4 18. Rad1 Bc5 19. Kh1 Bxe3 20. Qxe3 Bxf3 21. Qxf3
Nc5 22. b4 cxb3 23. cxb3 Nxb3 24. Nxb5 axb5 25. Qxb3 Rxd1 26. Rxd1 Qc6 27. h3
h6 28. Rb1 Qc5 29. Qxb5 Qxa3 30. Qb3 Qc5 31. Qb6 Qc2 32. Qb2 Qf5 33. Qb4 Rc8
34. Re1 Ra8 35. Kh2 1/2-1/2

[Event "GBR-ch73"]
[Site "Southampton"]
[Date "1986.07.29"]
[Round "2"]
[White "Lyell, Mark"]
[Black "Pritchett, Craig William"]
[Result "1/2-1/2"]
[WhiteElo "2030"]
[BlackElo "2400"]
[PlyCount "125"]
[EventDate "1986.07.28"]
[EventType "swiss"]
[EventRounds "11"]
[EventCountry "GBR"]
[SourceTitle "BritBase"]
[Source "John Saunders"]
[SourceDate "2020.09.07"]
[SourceVersion "1"]
[SourceVersionDate "2020.09.07"]
[SourceQuality "2"]

1. e4 c5 2. c3 d5 3. exd5 Qxd5 4. d4 e6 5. Nf3 Nf6 6. Bd3 Be7 7. O-O O-O 8. c4
Qd8 9. dxc5 Nbd7 10. Qe2 Nxc5 11. Bc2 b6 12. Nc3 Bb7 13. Bf4 Nh5 14. Be5 g6 15.
Ne4 Nxe4 16. Bxe4 Qc8 17. Rfd1 Nf6 18. Bxb7 Qxb7 19. Rd4 Rfd8 20. Rad1 Rxd4 21.
Rxd4 Rd8 22. Rxd8+ Bxd8 23. Qd2 Be7 24. Qf4 Qe4 25. Qxe4 Nxe4 26. Bd4 f6 27.
Kf1 e5 28. Be3 Kf7 29. Ke2 Ke6 30. Nd2 Nd6 31. c5 Nc8 32. cxb6 axb6 33. Nc4 b5
34. Nb6 Nxb6 35. Bxb6 Kd5 36. g4 f5 37. gxf5 gxf5 38. f3 h5 39. Be3 Bf6 40. Bd2
Be7 41. Be1 Bd6 42. Ke3 Bc5+ 43. Kd3 Bg1 44. h3 Bc5 45. Bd2 Be7 46. Be1 Bf8 47.
Bd2 b4 48. Be1 Be7 49. Bd2 Bc5 50. Be1 Bf8 51. Bd2 Be7 52. Be1 Bc5 53. Bd2 e4+
54. fxe4+ fxe4+ 55. Ke2 Kc4 56. Be3 Bd6 57. Bd2 Bc5 58. Be3 Be7 59. Bd2 Kd4 60.
Be1 Kc4 61. Bd2 Kd4 62. Be1 Ke5 63. Bg3+ 1/2-1/2

[Event "GBR-ch73"]
[Site "Southampton"]
[Date "1986.07.29"]
[Round "2"]
[White "Martin, Andrew D"]
[Black "Quillan, Gary"]
[Result "1-0"]
[WhiteElo "2370"]
[BlackElo "2010"]
[PlyCount "73"]
[EventDate "1986.07.28"]
[EventType "swiss"]
[EventRounds "11"]
[EventCountry "GBR"]
[SourceTitle "BritBase"]
[Source "John Saunders"]
[SourceDate "2020.09.07"]
[SourceVersion "1"]
[SourceVersionDate "2020.09.07"]
[SourceQuality "2"]

1. c4 e5 2. g3 f5 3. Bg2 Nf6 4. Nc3 Bb4 5. d3 Nc6 6. Nf3 O-O 7. O-O Bxc3 8.
bxc3 d5 9. Ne1 Qe8 10. f4 e4 11. Nc2 b6 12. Ne3 Ne7 13. Nxd5 Nexd5 14. cxd5 Qh5
15. c4 Re8 16. dxe4 fxe4 17. e3 Bg4 18. Qd4 Re7 19. Bb2 Rf8 20. Rf2 Qf5 21. Qd2
Nd7 22. Bd4 Rff7 23. Qe1 Bh3 24. Qf1 Bxg2 25. Qxg2 Nc5 26. g4 Qd7 27. Bxc5 bxc5
28. a4 a5 29. f5 Re5 30. Qg3 Qd6 31. Raf1 h6 32. Kg2 Kf8 33. h4 Ke8 34. g5 Kd8
35. f6 hxg5 36. fxg7 Rxg7 37. Rf6 1-0

[Event "GBR-ch73"]
[Site "Southampton"]
[Date "1986.07.29"]
[Round "2"]
[White "Motwani, Paul"]
[Black "King, Daniel J"]
[Result "1-0"]
[WhiteElo "2355"]
[BlackElo "2455"]
[PlyCount "81"]
[EventDate "1986.07.28"]
[EventType "swiss"]
[EventRounds "11"]
[EventCountry "GBR"]
[SourceTitle "BritBase"]
[Source "John Saunders"]
[SourceDate "2020.09.07"]
[SourceVersion "1"]
[SourceVersionDate "2020.09.07"]
[SourceQuality "2"]

1. e4 c5 2. Nf3 Nc6 3. d4 cxd4 4. Nxd4 Nf6 5. Nc3 e5 6. Ndb5 d6 7. Nd5 Nxd5 8.
exd5 Nb8 9. a4 Be7 10. Be2 O-O 11. O-O Bf5 12. f4 exf4 13. Bxf4 Bg6 14. Kh1 a6
15. Na3 Nd7 16. Nc4 Qc7 17. a5 Rae8 18. Ra3 Nc5 19. Re3 Rd8 20. Bh5 f5 21. b3
Ne4 22. Bf3 Bg5 23. Bxg5 Nxg5 24. Qd4 f4 25. Re2 Qd7 26. Qc3 Nxf3 27. Qxf3 Qf5
28. Ref2 Qg5 29. h3 Bh5 30. Qe4 f3 31. g4 Bf7 32. Nb6 Bg6 33. Qe6+ Kh8 34. Rxf3
Rxf3 35. Rxf3 h6 36. Qe3 Qh4 37. Qf2 Qe7 38. Re3 Be4+ 39. Kg1 Qe5 40. Qg3 Qd4
41. c3 1-0

[Event "GBR-ch73"]
[Site "Southampton"]
[Date "1986.07.29"]
[Round "2"]
[White "Plaskett, H James"]
[Black "Crawley, Gavin"]
[Result "1-0"]
[WhiteElo "2450"]
[BlackElo "2345"]
[PlyCount "53"]
[EventDate "1986.07.28"]
[EventType "swiss"]
[EventRounds "11"]
[EventCountry "GBR"]
[SourceTitle "BritBase"]
[Source "John Saunders"]
[SourceDate "2020.09.07"]
[SourceVersion "1"]
[SourceVersionDate "2020.09.07"]
[SourceQuality "2"]

1. e4 Nc6 2. d4 d5 3. e5 Bf5 4. h4 f6 5. g4 Be6 6. f4 fxe5 7. dxe5 g6 8. Bd3 d4
9. Qe2 Nh6 10. f5 Bd5 11. Rh2 gxf5 12. gxf5 Rg8 13. Bg5 Nxe5 14. Qxe5 Ng4 15.
Qxd4 Nxh2 16. Nc3 Bg7 17. Qa4+ Bc6 18. Qc4 Bxc3+ 19. Qxc3 Qd7 20. Bc4 Qxf5 21.
O-O-O Rf8 22. Qg7 Qe4 23. Bh6 Qf5 24. Be6 Qf6 25. Qxf8+ Qxf8 26. Bxf8 Kxf8 27.
Rd2 1-0

[Event "GBR-ch73"]
[Site "Southampton"]
[Date "1986.07.29"]
[Round "2"]
[White "Ravikumar, Vaidyanathan"]
[Black "Norwood, David"]
[Result "1/2-1/2"]
[WhiteElo "2345"]
[BlackElo "2415"]
[PlyCount "85"]
[EventDate "1986.07.28"]
[EventType "swiss"]
[EventRounds "11"]
[EventCountry "GBR"]
[SourceTitle "BritBase"]
[Source "John Saunders"]
[SourceDate "2020.09.07"]
[SourceVersion "1"]
[SourceVersionDate "2020.09.07"]
[SourceQuality "2"]

1. d4 Nf6 2. c4 e6 3. Nc3 c5 4. e3 d5 5. Nf3 Nc6 6. a3 a6 7. Be2 dxc4 8. Bxc4
b5 9. Bb3 Bb7 10. O-O Be7 11. d5 exd5 12. Nxd5 O-O 13. Re1 c4 14. Nxe7+ Qxe7
15. Bc2 Rad8 16. Qe2 Ne4 17. Bd2 Nxd2 18. Nxd2 Ne5 19. e4 Nd3 20. Bxd3 Rxd3 21.
Nf1 Rfd8 22. f3 Qe5 23. Rac1 h5 24. Qf2 Qf4 25. Qg3 Qh6 26. Qh4 Qb6+ 27. Qf2
Qa5 28. Qc5 g6 29. h4 Rc8 30. Qe7 Qb6+ 31. Kh1 Rcd8 32. Kh2 R8d7 33. Qg5 Qf2
34. Ng3 Rxf3 35. Rf1 Rxg3 36. Qxg3 Qxg3+ 37. Kxg3 Bxe4 38. Rcd1 Bd3 39. Rf6 Rd4
40. Rxa6 Rg4+ 41. Kh3 Bf5 42. Rad6 Kf8 43. R6d2 1/2-1/2

[Event "GBR-ch73"]
[Site "Southampton"]
[Date "1986.07.29"]
[Round "2"]
[White "Ravisekhar, Raja"]
[Black "Mestel, A Jonathan"]
[Result "0-1"]
[WhiteElo "2395"]
[BlackElo "2505"]
[PlyCount "90"]
[EventDate "1986.07.28"]
[EventType "swiss"]
[EventRounds "11"]
[EventCountry "GBR"]
[SourceTitle "BritBase"]
[Source "John Saunders"]
[SourceDate "2020.09.07"]
[SourceVersion "1"]
[SourceVersionDate "2020.09.07"]
[SourceQuality "2"]

1. d4 Nf6 2. Nc3 d5 3. Bg5 Nbd7 4. Nf3 g6 5. e3 Bg7 6. Bd3 O-O 7. O-O c5 8. Re1
Qa5 9. Qd2 b6 10. e4 dxe4 11. Nxe4 Qxd2 12. Nexd2 h6 13. Bh4 e6 14. c3 Bb7 15.
Rad1 Rac8 16. h3 cxd4 17. Nxd4 Nc5 18. Bc2 Nh5 19. f3 g5 20. Bf2 Nf4 21. Ne4
Bd5 22. Nxc5 bxc5 23. Nb3 c4 24. Nd4 Rc7 25. Ne2 Rb8 26. Nxf4 gxf4 27. Re2 Kf8
28. Be4 Bxe4 29. fxe4 Rb5 30. Rd8+ Ke7 31. Ra8 Rcb7 32. Rxa7 Rxa7 33. Bxa7 Ra5
34. Bb6 Rxa2 35. Bc5+ Kd7 36. Bb4 Be5 37. Kf2 Kc6 38. Kf3 h5 39. Bf8 Ra1 40.
Bh6 Rd1 41. Kf2 Kb5 42. Bf8 Ka4 43. Bb4 Kb3 44. Re1 Rd2+ 45. Re2 Rxb2 0-1

[Event "GBR-ch73"]
[Site "Southampton"]
[Date "1986.07.29"]
[Round "2"]
[White "Roe, Simon J"]
[Black "Ward, Christopher"]
[Result "1-0"]
[WhiteElo "2230"]
[BlackElo "2315"]
[PlyCount "99"]
[EventDate "1986.07.28"]
[EventType "swiss"]
[EventRounds "11"]
[EventCountry "GBR"]
[SourceTitle "BritBase"]
[Source "John Saunders"]
[SourceDate "2020.09.07"]
[SourceVersion "1"]
[SourceVersionDate "2020.09.07"]
[SourceQuality "2"]

1. Nf3 Nf6 2. c4 d6 3. d4 Nbd7 4. Nc3 e5 5. e4 Be7 6. Be2 O-O 7. O-O c6 8. Re1
Qc7 9. h3 Re8 10. Be3 Nf8 11. Rc1 Ng6 12. Qd2 h6 13. Bf1 Bd7 14. a3 Rac8 15. b4
Qb8 16. d5 cxd5 17. exd5 Bf8 18. Qd1 Ne7 19. a4 Nf5 20. Bd2 b6 21. g4 Ne7 22.
Be3 Nh7 23. Bd3 f5 24. gxf5 Nxf5 25. Qc2 g6 26. Kh2 Nf6 27. Rg1 Kf7 28. Ne4 Be7
29. Ng3 e4 30. Nxe4 Nxe4 31. Bxe4 Bf6 32. Bxf5 Bxf5 33. Qd2 Re4 34. Bd4 Bg7 35.
Bxg7 Kxg7 36. Nd4 Rf8 37. Rce1 Rxe1 38. Rxe1 Re8 39. Nxf5+ gxf5 40. Rg1+ Kh7
41. Qf4 Re5 42. Qg3 Qf8 43. c5 bxc5 44. bxc5 Rxd5 45. Qg6+ Kh8 46. c6 Re5 47.
Rb1 Re7 48. Qxd6 Qg7 49. Rb8+ Kh7 50. Qxe7 1-0

[Event "GBR-ch73"]
[Site "Southampton"]
[Date "1986.07.29"]
[Round "2"]
[White "Teichmann, Erik OMC"]
[Black "Allen, Keith"]
[Result "0-1"]
[WhiteElo "2310"]
[BlackElo "2225"]
[PlyCount "78"]
[EventDate "1986.07.28"]
[EventType "swiss"]
[EventRounds "11"]
[EventCountry "GBR"]
[SourceTitle "BritBase"]
[Source "John Saunders"]
[SourceDate "2020.09.07"]
[SourceVersion "1"]
[SourceVersionDate "2020.09.07"]
[SourceQuality "2"]

1. b4 e5 2. Bb2 Bxb4 3. Bxe5 Nf6 4. c4 O-O 5. e3 d5 6. cxd5 Nxd5 7. Nf3 Be7 8.
Be2 c5 9. O-O Nc6 10. Bb2 Bf6 11. Qc1 Re8 12. Na3 b6 13. d4 Nxd4 14. Nxd4 cxd4
15. Bb5 dxe3 16. Bxe8 Qxe8 17. Bxf6 exf2+ 18. Rxf2 Nxf6 19. Qf4 Be6 20. Nc4 Qa4
21. Nd6 Qxf4 22. Rxf4 Nd5 23. Rd4 Nc3 24. Rd3 Rd8 25. Rxc3 Rxd6 26. Re1 g6 27.
Re2 b5 28. Kf2 b4 29. Rc5 Ra6 30. Rb5 Ra4 31. Rb2 a5 32. Ke3 Bxa2 33. Kd4 Be6
34. Rb8+ Kg7 35. Ra8 b3+ 36. Kc5 Rc4+ 37. Kb5 Rc2 38. Rb1 Rxg2 39. h4 b2 0-1

[Event "GBR-ch73"]
[Site "Southampton"]
[Date "1986.07.29"]
[Round "2"]
[White "Thipsay, Praveen Mahadeo"]
[Black "Bell, Stephen"]
[Result "1-0"]
[WhiteElo "2375"]
[BlackElo "2360"]
[PlyCount "73"]
[EventDate "1986.07.28"]
[EventType "swiss"]
[EventRounds "11"]
[EventCountry "GBR"]
[SourceTitle "BritBase"]
[Source "John Saunders"]
[SourceDate "2020.09.07"]
[SourceVersion "1"]
[SourceVersionDate "2020.09.07"]
[SourceQuality "2"]

1. e4 g6 2. d4 Bg7 3. Nc3 d6 4. f4 Nf6 5. Nf3 O-O 6. Bd3 Nc6 7. O-O Bg4 8. e5
dxe5 9. dxe5 Nd5 10. h3 Bf5 11. Nxd5 Qxd5 12. Bxf5 Qc5+ 13. Kh2 gxf5 14. Qd3
Nb4 15. Qxf5 Qxc2 16. Nd4 Qd3 17. Qxd3 Nxd3 18. Nf5 e6 19. Nxg7 Kxg7 20. Rf3
Rfd8 21. f5 Nxc1 22. Rxc1 Rd7 23. fxe6 fxe6 24. Rc4 c6 25. Rf6 Re8 26. Kg3 Rf7
27. Rg4+ Kf8 28. Rh4 Ree7 29. Rhh6 Rxf6 30. exf6 Rd7 31. Kf4 Rd2 32. Rxh7 Rxg2
33. Rxb7 c5 34. h4 a5 35. h5 Rh2 36. Ke5 Re2+ 37. Kd6 1-0